| 000 | 01553nam a2200229Ia 4500 | ||
|---|---|---|---|
| 003 | Ost | ||
| 005 | 20260416102359.0 | ||
| 008 | 260416s9999||||xx |||||||||||||| ||und|| | ||
| 040 | _cfsecg | ||
| 041 | _aara | ||
| 082 | _a658 | ||
| 100 |
_aقصري، فريدة _eمؤلف |
||
| 245 | 0 |
_a نظرية التنظيم والتسيير : _bموجهة لطلبة : السنة الثانية جذع مشترك / _c فريدة قصري |
|
| 260 |
_aالجزائر _bجامعة الجزائر3: كلية العلوم الإقتصادية، العلوم التجارية وعلوم التسيير _c2022 |
||
| 300 |
_a112 ورقة _bايضاحات _c30 سم |
||
| 504 | _aالمراجع ص.106 | ||
| 520 | _aمفهوم العملية التنظيمية ، مفهوم العملية التسييرية ، مفهوم المنظمة ، المداخل النظرية المفسرة للتنظيم و التسيير ، الهياكل التنظيمية ،نظرة معاصرة الى الهياكل التنظيمية ، القيادة الادارية ، مهارات و مبادئ القيادة الادارية ، انماط القيادة الادارية ، النظريات المفسرة للقيادة الادارية ، المعيقات التي تواجهها القيادة الادارية . | ||
| 653 | _aادارة الاعمال | ||
| 653 | _aالتنظيم | ||
| 710 |
_aجامعة الجزائر3: كلية العلوم الإقتصادية، العلوم التجارية وعلوم التسيير _eناشر علمي |
||
| 942 | _cHANDOUT | ||
| 999 |
_c41339 _d41339 |
||